A Himnusz
Elmentve itt :
| Szerző: | |
|---|---|
| Dokumentumtípus: | Cikk |
| Megjelent: |
1939
|
| Sorozat: | Magyar lélek : a magyar népművelők országos folyóirata
1 No. 9 |
| Kulcsszavak: | Irodalomtudomány |
| Online Access: | http://misc.bibl.u-szeged.hu/1859 |
| LEADER | 00566nab a2200169 i 4500 | ||
|---|---|---|---|
| 001 | misc1859 | ||
| 005 | 20191106142020.0 | ||
| 008 | 170607s1939 hu o 0|| hun d | ||
| 040 | |a SZTE Miscellanea Repozitórium |b hun | ||
| 041 | |a hun | ||
| 100 | 1 | |a Juhász Gyula | |
| 245 | 1 | 2 | |a A Himnusz |h [elektronikus dokumentum] / |c Juhász Gyula |
| 260 | |c 1939 | ||
| 300 | |a 610 | ||
| 490 | 0 | |a Magyar lélek : a magyar népművelők országos folyóirata |v 1 No. 9 | |
| 695 | |a Irodalomtudomány | ||
| 856 | 4 | 0 | |u http://misc.bibl.u-szeged.hu/1859/1/magyar_lelek_001_009_610.pdf |z Dokumentum-elérés |